ابو بکر : (Record no. 108459)
[ view plain ]
| 000 -LEADER | |
|---|---|
| fixed length control field | 01080nam a22002657a 4500 |
| 005 - DATE AND TIME OF LATEST TRANSACTION | |
| control field | 20170123162340.0 |
| 010 ## - LIBRARY OF CONGRESS CONTROL NUMBER | |
| LC control number | A-854098 |
| 020 ## - INTERNATIONAL STANDARD BOOK NUMBER | |
| Terms of availability | 120.00 |
| 035 ## - SYSTEM CONTROL NUMBER | |
| System control number | A-854098 |
| 037 ## - SOURCE OF ACQUISITION | |
| Source of stock number/acquisition | Cen Lib/Ret |
| 040 ## - CATALOGING SOURCE | |
| Original cataloging agency | DPL |
| Language of cataloging | UR |
| 082 ## - DEWEY DECIMAL CLASSIFICATION NUMBER | |
| Classification number | 270.35 |
| Item number | ا ب و |
| 100 ## - MAIN ENTRY--PERSONAL NAME | |
| Personal name | عباس محمود العقاد |
| 9 (RLIN) | 117788 |
| 245 ## - TITLE STATEMENT | |
| Title | ابو بکر : |
| Statement of responsibility, etc | عباس محمود العقاد : مرتجم منہاج الدین اصلاحی |
| Remainder of title | شخصیت اور کردار / |
| 246 ## - VARYING FORM OF TITLE | |
| Title proper/short title | Abu Bakar : shakhsiyat aur kirdar / |
| Remainder of title | by Abbas Mahmodd Alaqad ; translated by Manhaz -Uddin Islahi |
| 260 ## - PUBLICATION, DISTRIBUTION, ETC. (IMPRINT) | |
| Place of publication, distribution, etc | لاہور |
| Name of publisher, distributor, etc | ادبستان |
| Date of publication, distribution, etc | 1996 |
| 270 ## - ADDRESS | |
| City | لاہور |
| Address | چابک سورل سٹریٹ ئرنگ محل |
| 300 ## - PHYSICAL DESCRIPTION | |
| Extent | 239p. |
| Dimensions | 21cm(Hb) |
| 650 ## - SUBJECT ADDED ENTRY--TOPICAL TERM | |
| Topical term or geographic name as entry element | مذہب -- اسلام |
| 9 (RLIN) | 126738 |
| 650 ## - SUBJECT ADDED ENTRY--TOPICAL TERM | |
| Topical term or geographic name as entry element | سوانح حیات - مسلم بادشاہ ابوبکر |
| 9 (RLIN) | 126739 |
| 650 ## - SUBJECT ADDED ENTRY--TOPICAL TERM | |
| Topical term or geographic name as entry element | Religion -- Islam |
| 9 (RLIN) | 92070 |
| 650 ## - SUBJECT ADDED ENTRY--TOPICAL TERM | |
| Topical term or geographic name as entry element | Biography -- Muslim King Abu bakar |
| 9 (RLIN) | 126740 |
| 700 ## - ADDED ENTRY--PERSONAL NAME | |
| Personal name | اصلاحی، منحاج الدین |
| 9 (RLIN) | 126741 |
| 942 ## - ADDED ENTRY ELEMENTS (KOHA) | |
| Source of classification or shelving scheme | Dewey Decimal Classification |
| Koha item type | Urdu Bks |
| Classification part | 270.35 |
| Call number suffix | ا ب و |
| Withdrawn status | Lost status | Damaged status | Not for loan | Home library | Current library | Date acquired | Source of acquisition | Cost, normal purchase price | Total Checkouts | Full call number | Barcode | Date last seen | Copy number | Cost, replacement price | Price effective from | Koha item type |
|---|---|---|---|---|---|---|---|---|---|---|---|---|---|---|---|---|
| Central Library | Central Library | 21/01/2016 | Cen Lib/Ret | 120.00 | 270.35 ا ب و | A-854098 | 21/01/2016 | 1 | 120.00 | 21/01/2016 | Urdu Bks |
